Closest Countries to Paris Quiz Stats

 Plays Quiz Updated Jan 18, 2019

Support Sporcle.
Go Orange.
Score 0/20 Timer 03:00
3 Plays Today
Distance Country % Correct
300kmGermany
98.3%
679kmSpain
97.7%
476kmItaly
96.4%
249kmUnited Kingdom
96.2%
180kmBelgium
95.9%
0kmFrance
94.2%
277kmNetherlands
93.5%
373kmSwitzerland
93.2%
556kmAustria
90.4%
264kmLuxembourg
89.6%
Distance Country % Correct
801kmDenmark
87.7%
921kmPoland
86.1%
719kmIreland
85.4%
693kmAndorra
80.7%
690kmMonaco
80.4%
720kmCzechia
78.1%
562kmLiechtenstein
74.6%
875kmSlovenia
69.5%
944kmSan Marino
68.1%
922kmCroatia
61.3%

From the Vault

Colorful History

by kekort2

History 4m
When big events happen, sometimes the best way to describe them is with colors.
Remove Ads.
Support Sporcle.
Get the best of Sporcle when you Go Orange. This ad-free experience offers more features, more stats, and more fun while also helping to support Sporcle. Thank you for becoming a member.

Show Comments

Extras

Top Quizzes Today


Score Distribution

Your Account Isn't Verified!

In order to create a playlist on Sporcle, you need to verify the email address you used during registration. Go to your Sporcle Settings to finish the process.

Report this User

Report this user for behavior that violates our Community Guidelines.

Details: